| 000 | 00943cab a2200265 4500 | ||
|---|---|---|---|
| 001 | ABS52742 | ||
| 008 | 090401t1995 xxu||||| |||| 00| 0 eng d | ||
| 035 | _a(Sirsi) u93945 | ||
| 041 | _aeng | ||
| 100 | _aStephenson, K. | ||
| 245 | _aOver-rented property: is the problem over? | ||
| 260 | _c1995 | ||
| 350 | _a0 | ||
| 490 |
_aSolicitors` Journal _v139(14) 14 April 1995, 350-351(2) |
||
| 520 | _aTries to assess the extent of over-rented property and a two tier market in office and retail property. Considers the problem of rent-free periods and the subsequent payment of the headline rent and cases, in which this has been contested. | ||
| 650 | _aBUSINESS TENANCIES | ||
| 650 | _aHEADLINE RENTS | ||
| 650 | _aOVER-RENTED PROPERTY | ||
| 650 | _aRENT REVIEWS | ||
| 650 | _aRENT-FREE PERIODS | ||
| 650 | _aUPWARD ONLY RENT REVIEWS | ||
| 690 | _aLANDLORD AND TENANT-BUSINESS TENANCIES | ||
| 942 | _n0 | ||
| 948 | _c04/03/1997 | ||
| 999 |
_c59537 _d59537 |
||